[Event "Helsinki MatSK op"]
[Site "Helsinki"]
[Date "2020.02.22"]
[Round "4"]
[White "Lallukka, Taneli"]
[Black "Nordlund, Henri"]
[Result "1/2-1/2"]
[WhiteElo "1888"]
[BlackElo "1828"]
[PlyCount "80"]
[EventDate "2020.02.21"]
[EventType "swiss"]
[EventRounds "7"]
[EventCountry "FIN"]
[SourceTitle "CBM 195 Extra"]
[Source "ChessBase"]
[SourceDate "2020.05.31"]
[SourceVersion "1"]
[SourceVersionDate "2020.05.31"]
[SourceQuality "1"]

1. d4 d5 2. c4 c6 3. Nf3 Nf6 4. Nc3 e6 5. e3 Nbd7 6. Bd3 dxc4 7. Bxc4 b5 8. Bd3 Bb7 9. e4 b4 10. e5 bxc3 11. exf6 Nxf6 12. bxc3 Be7 13. 0-0 0-0 14. Bf4 c5 15. Rb1 Be4 16. Bxe4 Nxe4 17. Qd3 Nf6 18. Rfd1 Qc8 19. dxc5 Bxc5 20. c4 Ng4 21. Bg3 Rd8 22. Qxd8+ Qxd8 23. Rxd8+ Rxd8 24. h3 Nf6 25. Bh4 h6 26. Bxf6 gxf6 27. Kf1 Kf8 28. Rb5 Rc8 29. Nd2 a6 30. Rb7 Bd4 31. Ke2 Bc3 32. Ne4 Be5 33. Nd2 Bc3 34. Ne4 Be5 35. Nd2 Bc3 36. Ne4 Be5 37. c5 f5 38. Nd6 Bxd6 39. cxd6 Rc2+ 40. Kd3 Ke8 1/2-1/2

[Event "Helsinki Ristoja 70 Years"]
[Site "Helsinki"]
[Date "2019.11.17"]
[Round "5"]
[White "Puittinen, Mika"]
[Black "Lallukka, Taneli"]
[Result "1-0"]
[WhiteElo "2033"]
[BlackElo "1893"]
[PlyCount "155"]
[EventDate "2019.11.15"]
[EventType "swiss"]
[EventRounds "5"]
[EventCountry "FIN"]
[SourceTitle "EXT 2021"]
[Source "ChessBase"]
[SourceDate "2020.10.23"]
[SourceVersion "1"]
[SourceVersionDate "2020.10.23"]
[SourceQuality "1"]

1. c4 c6 2. e4 d5 3. exd5 cxd5 4. d4 Nf6 5. Nc3 Nc6 6. Nf3 e6 7. c5 b6 8. Bb5 Bd7 9. Bxc6 Bxc6 10. b4 bxc5 11. bxc5 Qa5 12. Bd2 Qa6 13. Ne5 g6 14. Qe2 Qxe2+ 15. Kxe2 Rc8 16. Rab1 Nd7 17. Nxc6 Rxc6 18. Rb7 a6 19. f4 Bg7 20. Kd3 Rxc5 21. Rhb1 Rc4 22. Be3 Nc5+ 23. dxc5 Rxc3+ 24. Kd2 d4 25. Rb8+ Kd7 26. R8b7+ Kc6 27. Bf2 Ra3 28. Rxf7 Rxa2+ 29. Ke1 Bh6 30. Bxd4 Rd8 31. Rb6+ Kd5 32. Rd6+ Rxd6 33. cxd6 Kxd6 34. Be5+ Kd5 35. Rxh7 Bf8 36. g4 a5 37. h4 a4 38. h5 gxh5 39. gxh5 Rh2 40. Rh8 Bb4+ 41. Kd1 Rd2+ 42. Kc1 Rh2 43. h6 Ke4 44. h7 Ba3+ 45. Kb1 Kf3 46. Rc8 Rxh7 47. Rc3+ Kg4 48. Rxa3 Ra7 49. Kc2 Kf5 50. Kd3 Ra6 51. Kc4 Ra5 52. Kb4 Rd5 53. Rxa4 Rd1 54. Kc5 Rd5+ 55. Kc4 Rd1 56. Ra8 Rc1+ 57. Kd3 Rd1+ 58. Ke2 Rh1 59. Rf8+ Ke4 60. Kf2 Rh3 61. Kg2 Rd3 62. Rg8 Kf5 63. Rg5+ Ke4 64. Rg3 Rd1 65. Kh3 Kf5 66. Rg5+ Ke4 67. Kg4 Rh1 68. Bd6 Rg1+ 69. Kh5 Rh1+ 70. Kg6 Rh8 71. Kf6 Rh6+ 72. Rg6 Rh8 73. Kxe6 Re8+ 74. Kf6 Kd5 75. Be7 Ra8 76. Kg5 Ra5 77. f5 Ke4 78. Re6+ 1-0

[Event "Helsinki-chB"]
[Site "Helsinki"]
[Date "2019.01.01"]
[Round "3"]
[White "Lallukka, Taneli"]
[Black "Khanov, Pavel"]
[Result "1-0"]
[WhiteElo "1937"]
[BlackElo "1981"]
[PlyCount "109"]
[EventDate "2018.12.29"]
[EventType "tourn"]
[EventRounds "7"]
[EventCountry "FIN"]
[SourceTitle "EXT 2021"]
[Source "ChessBase"]
[SourceDate "2020.10.23"]
[SourceVersion "1"]
[SourceVersionDate "2020.10.23"]
[SourceQuality "1"]

1. d4 Nf6 2. c4 c5 3. d5 e6 4. Nc3 exd5 5. cxd5 d6 6. e4 g6 7. f4 Bg7 8. Nf3 0-0 9. Bd3 a6 10. a4 Bg4 11. 0-0 Nbd7 12. Rb1 Re8 13. Qc2 Bxf3 14. Rxf3 Qb6 15. Kh1 Qb4 16. Bd2 c4 17. Bf1 Qc5 18. Be3 Qc7 19. Bd4 Rab8 20. Re1 b5 21. axb5 axb5 22. b4 Qb7 23. Be2 Nh5 24. Bxg7 Nxg7 25. Rff1 Qa7 26. Ra1 Qe3 27. Ra3 Nf6 28. Nxb5 Qxe4 29. Qxe4 Nxe4 30. Bxc4 Nd2 31. Nxd6 Nxf1 32. Nxe8 Nxe8 33. Bxf1 Rxb4 34. Ra8 Kf8 35. g3 Rd4 36. Bb5 Rxd5 37. Bxe8 Kg7 38. Ra7 Rf5 39. Kg2 Kf8 40. Ba4 Rf6 41. Bb3 Kg7 42. h4 h5 43. Kf3 Kf8 44. Ke4 Rf5 45. Bd5 Kg8 46. Bc6 Rf6 47. Bd7 Kg7 48. Rc7 Rd6 49. f5 Kh6 50. Be8 gxf5+ 51. Kxf5 Rd3 52. Kf4 Rd4+ 53. Ke3 Rg4 54. Kf3 f5 55. Rc6+ 1-0

[Event "Kuopio op-B 40th"]
[Site "Kuopio"]
[Date "2018.04.29"]
[Round "3"]
[White "Lonnqvist, Henrik"]
[Black "Lallukka, Taneli"]
[Result "1-0"]
[WhiteElo "1999"]
[BlackElo "1860"]
[PlyCount "69"]
[EventDate "2018.04.28"]
[EventType "swiss"]
[EventRounds "4"]
[EventCountry "FIN"]
[SourceTitle "EXT 2022"]
[Source "ChessBase"]
[SourceDate "2021.10.06"]
[SourceVersion "1"]
[SourceVersionDate "2021.10.06"]
[SourceQuality "1"]

1. e4 c6 2. d4 d5 3. exd5 cxd5 4. Nf3 Nf6 5. Bd3 Bg4 6. h3 Bh5 7. c3 Nc6 8. Bf4 e6 9. Nbd2 Bd6 10. Bxd6 Qxd6 11. 0-0 0-0 12. Re1 Rfe8 13. g4 Bg6 14. Bxg6 hxg6 15. Ne5 Nd7 16. f4 Ndxe5 17. fxe5 Qe7 18. Nf3 f5 19. Kg2 Nd8 20. Qd2 Nf7 21. Rg1 g5 22. gxf5 exf5 23. Kf2 f4 24. Rg4 Qe6 25. Rag1 Re7 26. h4 Rf8 27. hxg5 Nh8 28. Rxf4 Rxf4 29. Qxf4 Rf7 30. Qg4 Qg6 31. Rh1 Qe4 32. Qc8+ Rf8 33. Rxh8+ Kxh8 34. Qxf8+ Kh7 35. Qf7 1-0

[Event "Helsinki Easter op"]
[Site "Helsinki"]
[Date "2018.03.31"]
[Round "2"]
[White "Lallukka, Taneli"]
[Black "Wartiovaara, Oliver"]
[Result "0-1"]
[WhiteElo "1860"]
[BlackElo "2119"]
[PlyCount "80"]
[EventDate "2018.03.30"]
[EventType "swiss"]
[EventRounds "6"]
[EventCountry "FIN"]
[SourceTitle "EXT 2019"]
[Source "ChessBase"]
[SourceDate "2018.10.10"]
[SourceVersion "1"]
[SourceVersionDate "2018.10.10"]
[SourceQuality "1"]

1. d4 Nf6 2. c4 g6 3. Nc3 d5 4. cxd5 Nxd5 5. e4 Nxc3 6. bxc3 Bg7 7. Bc4 c5 8. Ne2 0-0 9. 0-0 Nc6 10. Be3 Bg4 11. f3 Na5 12. Bd3 cxd4 13. cxd4 Be6 14. Qd2 Bc4 15. Rac1 b5 16. Rfd1 Bxd3 17. Qxd3 Nc4 18. Rc2 Qd7 19. Bf2 Rac8 20. f4 Rfd8 21. Rdc1 e5 22. d5 exf4 23. Bd4 Ne5 24. Bxe5 Rxc2 25. Rxc2 Bxe5 26. Nd4 Bxd4+ 27. Qxd4 a6 28. Qb6 Re8 29. Qc6 Qa7+ 30. Kf1 Rxe4 31. Qc8+ Kg7 32. d6 Qd4 33. Rc1 Qxd6 34. Qc2 Rc4 35. Qb2+ Qd4 36. Qxd4+ Rxd4 37. Rc6 Ra4 38. Rc2 Kf6 39. Kf2 Ra3 40. Re2 a5 0-1